The games of the 24th Olympiad '88 Seoul Volleyball (men) 17Sept - 24 Oct 1988 [video recording]

Bibliographic Details
Format: Book
Subjects:

MARC

LEADER 00000cam a2200000 7i4500
001 0000005293
005 20061205.0
040 |a INS 
090 0 0 |a GV1017 1988 
245 1 0 |a The games of the 24th Olympiad '88 Seoul Volleyball (men) 17Sept - 24 Oct 1988 [video recording] 
300 |a 1video cassette(VHS)(1:15) :   |b sd.,col.1/2in 
650 0 0 |a Volleyball 
999 |a VHS219   |b VIDEO   |c Media Collection   |e Default branch